书目信息 |
| 题名: |
警察锅哥
|
|
| 作者: | 常书欣 著 | |
| 分册: | 10 波诡激浊浪 | |
| 出版信息: | 北京 中国民主法制出版社 2018 |
|
| 页数: | 299页 | |
| 开本: | 24cm | |
| 丛书名: | ||
| 单 册: | ||
| 中图分类: | I247.56 , I247.5 | |
| 科图分类: | ||
| 主题词: | 长篇小说--中国--当代 | |
| 电子资源: | ||
| ISBN: | 978-7-5162-1700-9 | |
| 000 | 00718nam0 2200253 450 | |
| 001 | 3605 | |
| 005 | 20180528104829.83 | |
| 010 | @a978-7-5162-1700-9@dCNY35.00 | |
| 100 | @a20180315d2018 em y0chiy50 ea | |
| 101 | 0 | @achi |
| 102 | @aCN@b110000 | |
| 105 | @ay z 000ay | |
| 200 | 1 | @a警察锅哥@9jing cha guo ge@h10@i波诡激浊浪@f常书欣著 |
| 210 | @a北京@c中国民主法制出版社@d2018 | |
| 215 | @a299页@d24cm | |
| 304 | @a英文共同题名:Police brother pot | |
| 312 | @a封底折页题:原名,黑锅 | |
| 517 | 1 | @a黑锅@9hei guo |
| 606 | 0 | @a长篇小说@y中国@z当代 |
| 690 | @aI247.56@v5 | |
| 690 | @aI247.5@v4 | |
| 701 | 0 | @a常书欣@9chang shu xin@4著 |
| 801 | 0 | @aCN@b91MARC@c20180315 |
| 905 | @aMuseLib@dI247.5@e4417:10 | |
| 警察锅哥.10.波诡激浊浪/常书欣著.-北京:中国民主法制出版社,2018 |
| 299页;24cm |
| ISBN 978-7-5162-1700-9:CNY35.00 |
| ● |
| 相关链接 |
|
|
|
|
正题名:警察锅哥
索取号:I247.5/4417:10
 
预约/预借
| 序号 | 登录号 | 条形码 | 馆藏地/架位号 | 状态 | 备注 |
| 1 | 1109876 | 211098765 | 第一样本阅览室/ [索取号:I247.5/4417:10] | 在馆 | |
| 2 | 1109877 | 211098774 | 教育系资料室/ [索取号:I247.5/4417:10] | 在馆 | |
| 3 | 1109878 | 211098783 | 教育系资料室/ [索取号:I247.5/4417:10] | 在馆 | |
| 4 | 1109879 | 211098792 | 第二借阅区/ [索取号:I247.5/4417:10] | 在馆 |